header

The divine comedy of Dante Alighieri. (Record no. 113126)

MARC details
000 -LEADER
fixed length control field 01382nam a2200349 a 4500
100 0# - MAIN ENTRY--AUTHOR NAME
Personal name Dante Alighieri,
245 14 - TITLE STATEMENT
Title The divine comedy of Dante Alighieri.
250 ## - EDITION STATEMENT
Edition statement Paperback ed.
260 ## - PUBLICATION, DISTRIBUTION, ETC. (IMPRINT)
Place of publication New York :
Name of publisher Oxford University Press,
Year of publication 1961.
300 ## - PHYSICAL DESCRIPTION
Number of Pages 446 p.
490 1# - SERIES STATEMENT
Series statement Divine Comedy, Purgatorio ;
650 #0 - SUBJECT ADDED ENTRY--TOPICAL TERM
Topical Term Hell
700 1# - ADDED ENTRY--PERSONAL NAME
Personal name Sinclair, John D.
856 40 - ELECTRONIC LOCATION AND ACCESS
Uniform Resource Identifier http://site.ebrary.com/lib/rucke/Doc?id=10472306

No items available.

© 2026 Rongo University
Contact us: librarian | system librarian | Rongo university